10 Least Populous US States Quiz Stats

 Plays Quiz Updated Feb 13, 2014

     
Support Sporcle.
Go Orange.
Score 0/10 Timer 02:00
9 Plays Today
% Correct
Alaska
88.7%
Wyoming
84%
North Dakota
80.4%
Montana
78.2%
South Dakota
76.5%
Rhode Island
67.4%
Vermont
65.5%
Delaware
61.9%
Maine
59.7%
New Hampshire
54.5%

From the Vault

Finish the Song Title

by LTH

Music 6m
It's the End of the World...
Remove Ads.
Support Sporcle.
Get the best of Sporcle when you Go Orange. This ad-free experience offers more features, more stats, and more fun while also helping to support Sporcle. Thank you for becoming a member.

Show Comments

Extras

Top Quizzes Today


Score Distribution

Your Account Isn't Verified!

In order to create a playlist on Sporcle, you need to verify the email address you used during registration. Go to your Sporcle Settings to finish the process.

Report this User

Report this user for behavior that violates our Community Guidelines.

Details: